[Event "Verbandsliga Suedbaden 2122"]
[Site "Baden"]
[Date "2022.03.13"]
[Round "7.8"]
[White "Alber, Jens Markus"]
[Black "Graf, Anton"]
[Result "0-1"]
[WhiteElo "1701"]
[BlackElo "1889"]
[PlyCount "104"]
[EventDate "2021.10.10"]
[EventType "team-tourn"]
[EventRounds "9"]
[EventCountry "GER"]
[SourceTitle "EXT 2023"]
[Source "ChessBase"]
[SourceDate "2022.10.05"]
[SourceVersion "1"]
[SourceVersionDate "2022.10.05"]
[SourceQuality "1"]
[WhiteTeam "Oberwinden"]
[BlackTeam "Baden-Baden IV"]
[WhiteTeamCountry "GER"]
[BlackTeamCountry "GER"]

1. d4 Nf6 2. Nf3 d5 3. b3 e6 4. Bb2 Be7 5. g3 0-0 6. Bg2 b6 7. 0-0 Bb7 8. c4 Nbd7 9. Ne5 c5 10. e3 Qc7 11. Nxd7 Qxd7 12. Nc3 dxc4 13. dxc5 Bxg2 14. Qxd7 Nxd7 15. Kxg2 Nxc5 16. Ba3 cxb3 17. axb3 Rfc8 18. Ne4 Nxe4 19. Bxe7 Nd2 20. Rfd1 Nxb3 21. Ra3 Nc5 22. Rc1 Rc7 23. Bd6 Rc6 24. Bxc5 bxc5 25. Rac3 Rac8 26. Rc4 Kf8 27. Kf3 Ke7 28. Ra1 a6 29. e4 f6 30. Ke3 Rb8 31. Rca4 Rb3+ 32. Ke2 Rbb6 33. R1a3 Kd6 34. Kd3 Kc7 35. Kc4 Kb7 36. Ra5 Rb4+ 37. Kd3 Rb2 38. Ra2 c4+ 39. Kc3 Rb3+ 40. Kd2 Rd3+ 41. Ke2 Rb3 42. R5a3 Rcb6 43. Kd2 Rxa3 44. Rxa3 Rb2+ 45. Ke3 Rb3+ 46. Rxb3+ cxb3 47. Kd3 a5 48. Kc3 a4 49. f4 f5 50. e5 Kc6 51. h3 Kd5 52. g4 g6 0-1

[Event "GER-ch Net Amateur Gr-B Vor3"]
[Site "Playchess.com INT"]
[Date "2020.04.16"]
[Round "4"]
[White "Sauer, Tim"]
[Black "Alber, Jens Markus"]
[Result "0-1"]
[WhiteElo "1644"]
[BlackElo "1497"]
[PlyCount "112"]
[EventDate "2020.04.16"]
[EventType "swiss (blitz)"]
[EventRounds "9"]
[EventCountry "GER"]
[SourceTitle "CBM 195 Extra"]
[Source "ChessBase"]
[SourceDate "2020.05.31"]
[SourceVersion "1"]
[SourceVersionDate "2020.05.31"]
[SourceQuality "1"]

1. c4 c6 2. Nf3 d5 3. cxd5 cxd5 4. d4 Nf6 5. Nc3 e6 6. Bg5 Be7 7. e3 Nbd7 8. Bd3 0-0 9. h4 h6 10. Bf4 Nh5 11. Be5 Nxe5 12. Nxe5 Nf6 13. g4 Nd7 14. g5 Nxe5 15. dxe5 hxg5 16. hxg5 g6 17. f4 Kg7 18. Qg4 Rh8 19. Kd2 Bd7 20. Qg2 Qc7 21. Rh6 Rxh6 22. gxh6+ Kh7 23. Rg1 Be8 24. f5 exf5 25. Nxd5 Qd7 26. Nxe7 Rd8 27. Qf1 Qxe7 28. a3 Qxe5 29. Kc2 Ba4+ 30. b3 Bc6 31. Qe2 Be4 32. Bxe4 Qxe4+ 33. Kb2 Re8 34. Re1 Qe5+ 35. Ka2 Qe4 36. a4 Kxh6 37. Qh2+ Kg7 38. Rh1 Qe5 39. Qh6+ Kf6 40. Qh4+ Ke6 41. Qc4+ Qd5 42. Qb4 Qd6 43. Qxb7 Re7 44. Qb5 Qe5 45. Qc4+ Qd5 46. Qa6+ Ke5 47. Rc1 Qd2+ 48. Ka3 Qxc1+ 49. Kb4 Qd2+ 50. Ka3 Qd6+ 51. Qxd6+ Kxd6 52. b4 Rxe3+ 53. Kb2 a6 54. b5 axb5 55. axb5 Kc5 56. b6 Kxb6 0-1

[Event "GER-ch Net Amateur Gr-B Vor2"]
[Site "Playchess.com INT"]
[Date "2020.04.15"]
[Round "5"]
[White "Alber, Jens Markus"]
[Black "Braeutigam, Katerina"]
[Result "0-1"]
[WhiteElo "1536"]
[BlackElo "1446"]
[PlyCount "48"]
[EventDate "2020.04.15"]
[EventType "swiss (blitz)"]
[EventRounds "9"]
[EventCountry "GER"]
[SourceTitle "CBM 196 Extra"]
[Source "ChessBase"]
[SourceDate "2020.07.31"]
[SourceVersion "1"]
[SourceVersionDate "2020.07.31"]
[SourceQuality "1"]

1. d4 Nf6 2. Nf3 d5 3. c4 c6 4. cxd5 cxd5 5. g3 Bf5 6. Bg2 e6 7. Ne5 Bd6 8. 0-0 0-0 9. Nd2 Nc6 10. Ndf3 Rc8 11. b3 h6 12. Bb2 Nb4 13. Ne1 Rc7 14. N5d3 Nxd3 15. Nxd3 Qe7 16. f3 Rfc8 17. Rc1 Ba3 18. Bxa3 Qxa3 19. Rxc7 Rxc7 20. Qd2 Bxd3 21. Qxd3 Qxa2 22. e4 Rc2 23. Bh3 Rxh2 24. Rf2 Qxf2# 0-1

[Event "GER-ch Net Amateur Gr-B Vor1"]
[Site "Playchess.com INT"]
[Date "2020.04.14"]
[Round "4"]
[White "Alber, Jens Markus"]
[Black "Schmitt, Carsten1111"]
[Result "1-0"]
[WhiteElo "1620"]
[BlackElo "1780"]
[PlyCount "85"]
[EventDate "2020.04.14"]
[EventType "swiss (blitz)"]
[EventRounds "9"]
[EventCountry "GER"]
[SourceTitle "EXT 2021"]
[Source "ChessBase"]
[SourceDate "2020.10.23"]
[SourceVersion "1"]
[SourceVersionDate "2020.10.23"]
[SourceQuality "1"]

1. d4 Nf6 2. Nf3 e6 3. g3 d5 4. Bg2 c5 5. 0-0 Nc6 6. e3 Be7 7. b3 0-0 8. Bb2 b6 9. c4 Bb7 10. cxd5 exd5 11. Nc3 Rc8 12. Rc1 Ne4 13. Qc2 Nb4 14. Qb1 g5 15. Nxe4 dxe4 16. Nd2 Nd3 17. Rcd1 f5 18. f3 Nxb2 19. Qxb2 cxd4 20. Qxd4 Bc5 21. Qc4+ Bd5 22. Qe2 f4 23. gxf4 gxf4 24. Nxe4 Bxe3+ 25. Kh1 Qd6 26. Nxd6 Rc5 27. Ne4 Ra5 28. Qb2 Bxe4 29. fxe4 Re8 30. Rd5 Rxd5 31. exd5 Bc5 32. Qf6 Rf8 33. Qg5+ Kh8 34. Qh6 Rg8 35. Rxf4 Bd4 36. Rxd4 Re8 37. Qf6+ Kg8 38. Rd1 Rf8 39. Qg5+ Kh8 40. d6 Rg8 41. Qf6+ Rg7 42. d7 Kg8 43. d8Q# 1-0